Yoga the sacred science / (Record no. 154316)

MARC details
000 -LEADER
fixed length control field 00792nam a22002297a 4500
005 - DATE AND TIME OF LATEST TRANSACTION
control field 20180719100810.0
010 ## - LCCN (DPL NO)
LC control number ENG-123547-48
020 ## - INTERNATIONAL STANDARD BOOK NUMBER
International Standard Book Number 9788188157365 vol.1
Terms of availability 175.00
020 ## - INTERNATIONAL STANDARD BOOK NUMBER
International Standard Book Number 9788188157686 vol.2
Terms of availability 240.00
035 ## - SYSTEM CONTROL NUMBER
System control number EN-107079-80
037 ## - SOURCE OF ACQUISITION
Source of stock number/acquisition DBAD/PUB
082 ## - DEWEY DECIMAL CLASSIFICATION NUMBER
Classification number 230.41
100 ## - MAIN ENTRY--PERSONAL NAME
Personal name Rama
245 ## - TITLE STATEMENT
Title Yoga the sacred science /
Statement of responsibility, etc by Rama
250 ## - EDITION STATEMENT
Edition statement 2nd edn.
260 ## - PUBLICATION, DISTRIBUTION, ETC. (IMPRINT)
Place of publication, distribution, etc Uttarakhand
Name of publisher, distributor, etc Himalayan Institute Hospital Trust
Date of publication, distribution, etc 2008
270 ## - ADDRESS
Address Swami Ram Nagar, P.O. Doiwala Distt. Dehradun,
City Uttarakhand
Postal code 248140
300 ## - PHYSICAL DESCRIPTION
Extent 2-vol (xii,241p.; xi,296)
Dimensions 21cm(pbk).
500 ## - GENERAL NOTE
General note It includes index
505 ## - FORMATTED CONTENTS NOTE
Formatted contents note Vol.1 - Samadhi: The highest state of wisdom<br/>Vol.2 - Sadhana: The path to enlightenment
942 ## - ADDED ENTRY ELEMENTS (KOHA)
Source of classification or shelving scheme Dewey Decimal Classification
Item type English Books
Classification part 230.41
Call number suffix RAM
Holdings
Withdrawn status Lost status Materials specified (bound volume or other part) Not for loan Collection code Home library Current library Date acquired Source of acquisition Cost, normal purchase price Full call number Barcode Copy number Cost, replacement price Koha item type
    vol.2   Non-fiction Ashok Vihar Ashok Vihar 18/07/2018 DBAD/PUB 240.00 230.41 RAM EN-107080 1 240.00 English Books
    vol.1   Non-fiction Patel Nagar Patel Nagar 18/07/2018 DBAD/PUB 175.00 230.41 RAM EN-107079 1 175.00 English Books

© Delhi Public Library
Hit Counter
free hit counter